Las formas del zen y otros ensayos sobre el zen y la experiencia espiritual

Պահպանված է:
Մատենագիտական մանրամասներ
Հիմնական հեղինակ: Watts, Alan W (Հեղինակ)
Ձևաչափ: Գիրք
Լեզու:իսպաներեն
Հրապարակվել է: Buenos Aires Dedalo 1987
Խորագրեր:
Ցուցիչներ: Ավելացրեք ցուցիչ
Չկան պիտակներ, Եղեք առաջինը, ով նշում է այս գրառումը!

MARC

LEADER 00000nam a2200000 a 4500
001 UCO0530
003 CL-VaPUC
008 000420e19870000AG |||||||||||||||||spa|d
082 0 4 |a 294.392  |b WAT  |2 21 
100 0 |a Watts, Alan W  |e author  |9 441885 
245 1 4 |a Las formas del zen y otros ensayos sobre el zen y la experiencia espiritual 
300 |a 155 p 
942 |c BK 
945 |d 20000420 00:00:00  |a rbrito 
260 |a Buenos Aires  |b Dedalo  |c 1987 
650 7 |a BUDISMO  |2 CL-VaPUC  |9 441886 
650 0 |a Zen  |9 313093 
650 0 |a Espiritualidad   |9 267331 
650 0 |a Filosofía oriental  |9 319113 
650 0 |a Alquimia  |9 265879 
583 |a last modification  |c 20000420 00:00:00  |k Rodrigo Vera 
999 |c 287225  |d 287223 
952 |0 0  |1 0  |4 0  |6 294_392000000000000_WAT_1987  |7 0  |8 A  |9 333713  |a BIBGIM  |b BIBGIM  |d 2019-11-20  |i 3448479  |o 294.392 WAT 1987  |p 3448479  |r 2025-01-15  |w 2019-11-20  |y BK  |k ORI